| 000 | 00714nam a22002057a 4500 | ||
|---|---|---|---|
| 999 |
_c12513 _d12513 |
||
| 003 | AR-CdUCM | ||
| 008 | 190409b ||||| |||| 00| 0 spa d | ||
| 020 | _a978-612-47128-2-1 | ||
| 040 |
_aMUNICIPALIDAD PROVINCIAL DEL CUSCO _cBIBLIOTECA MUNICIPAL DEL CUSCO |
||
| 082 |
_aEP / 803 / _bN56 |
||
| 100 |
_aNieto Degregori, Luis _96534 |
||
| 245 | _aLa venganza de los dioses moches / | ||
| 260 |
_aLima : _bPanamericana Perú SAC., _c2016. |
||
| 300 |
_a105 páginas _c21 cm. |
||
| 505 | _aContenido :El paraíso perdido -- El viejo -- Los monstruos marinos -- El dios del mar -- Fanun y la iguana ... | ||
| 650 |
_aCuentos peruanos _97 |
||
| 650 |
_aHistorietas _910786 |
||
| 942 |
_2ddc _cLIBROS |
||
| 945 | _arum | ||